|
|
|
|
| LEADER |
00000nam0a2200000 4500 |
| 001 |
327455 |
| 005 |
20231102003948.0 |
| 010 |
|
|
|a 5787303873
|
| 035 |
|
|
|a (RuTPU)RU\TPU\book\353139
|
| 090 |
|
|
|a 327455
|
| 100 |
|
|
|a 20170131d2006 m y0rusy50 ca
|
| 101 |
0 |
|
|a rus
|a chi
|
| 102 |
|
|
|a RU
|
| 105 |
|
|
|a y j 000zy
|
| 200 |
1 |
|
|a Китайский язык. 50 текстов для чтения : начальный и средний уровени
|e учебное пособие
|
| 210 |
|
|
|a Москва
|c Восточная книга
|d 2006
|
| 215 |
|
|
|a 159 с.
|
| 330 |
|
|
|a Учебное пособие состоит из аутентичных текстов на современном китайском языке, снабженных разнообразными вспомогательными материалами. Издание будет способствовать последовательному и систематическому формированию навыков самостоятельного чтения оригинальных разножанровых материалов, обогатит и закрепит лексический и грамматический минимум, разовьет навыки пользования китайско-русским словарем, а также сформирует и расширит представления о китайской культуре. Пособие предназначено как для начинающих изучать язык, так и для тех, кто уже достиг определенного уровня владения китайским языком.
|
| 606 |
1 |
|
|a Китайский язык
|x Учебники и учебные пособия
|2 stltpush
|3 (RuTPU)RU\TPU\subj\73823
|9 86580
|
| 610 |
1 |
|
|a лексика
|
| 610 |
1 |
|
|a чтение
|
| 610 |
1 |
|
|a аутентичные тексты
|
| 610 |
1 |
|
|a грамматика
|
| 610 |
1 |
|
|a китайская культура
|
| 610 |
1 |
|
|a китайско-русские словари
|
| 686 |
|
|
|a Ш171.11-923
|v LBC/SL-A
|2 rubbk
|
| 801 |
|
1 |
|a RU
|b 63413507
|c 20170131
|
| 801 |
|
2 |
|a RU
|b 63413507
|c 20170210
|g RCR
|
| 942 |
|
|
|c BK
|